[Event "DEM U10/U10w 2003"]
[Site "Willingen GER"]
[Date "2003.06.09"]
[Round "3"]
[White "Weber, Raphael"]
[Black "Friedrich, Wiede"]
[Result "1-0"]
[Termination "normal"]
[Board "6"]
[WhiteElo "1250"]
[BlackElo "1431"]
[PlyCount "53"]
[WhiteFideId "24644110"]
[BlackFideId "24629537"]
[EventCountry "GER"]
[EventRounds "11"]
[EventType "swiss"]
[EventDate "2003.06.07"]

1. e4 e5 2. Nf3 Nc6 3. Bc4 Bc5 4. b4 Bxb4 5. c3 Bc5 6. O-O Nf6 7. d4 exd4 8.
cxd4 Bb6 9. e5 Ng8 10. Qb3 Na5 11. Bxf7+ Kf8 12. Qd5 Ne7 13. Ba3 c6 14. Qd6
Kxf7 15. Ng5+ Ke8 16. Nf3 Nc4 17. Qb4 Nxa3 18. Nxa3 Ba5 19. Qb3 b5 20. Ng5 Nd5
21. Ne4 Bb4 22. Nc2 Be7 23. Ne3 Nc7 24. Nf5 Ne6 25. Nfd6+ Bxd6 26. Nxd6+ Kf8
27. Qf3+ 1-0

[Event "DEM U10/U10w 2003"]
[Site "Willingen GER"]
[Date "2003.06.09"]
[Round "3"]
[White "Gadschisade, Machmud"]
[Black "Kaphle, Sebastian"]
[Result "1-0"]
[Termination "normal"]
[Board "7"]
[WhiteElo "1428"]
[BlackElo "1201"]
[PlyCount "127"]
[WhiteFideId "4647734"]
[BlackFideId "24626708"]
[EventCountry "GER"]
[EventRounds "11"]
[EventType "swiss"]
[EventDate "2003.06.07"]

1. e4 e5 2. Nf3 Nc6 3. Bc4 Nf6 4. Ng5 d5 5. exd5 Na5 6. Bb5+ c6 7. dxc6 bxc6 8.
Be2 h6 9. Nf3 e4 10. Ne5 Qc7 11. d4 exd3 12. Nxd3 Bd6 13. h3 Be6 14. O-O O-O
15. Be3 Nc4 16. Bd4 Nd7 17. Nd2 Nxd2 18. Qxd2 Bh2+ 19. Kh1 Bd6 20. Bf3 Nb6 21.
Qc3 Nd5 22. Bxd5 Bxd5 23. Bxg7 Qc8 24. Ne1 Qa6 25. Nf3 Bxf3 26. Bxf8 Bxg2+ 27.
Kxg2 Bxf8 28. Rg1 Qb7 29. Kf1+ Kh7 30. Qg3 Qb5+ 31. Qd3+ Qxd3+ 32. cxd3 Bg7 33.
Rb1 Rd8 34. Ke2 Bd4 35. Rg4 c5 36. b3 a5 37. Rc1 Rb8 38. Rc4 Rd8 39. Ra4 Ra8
40. Re4 Bg7 41. a3 Bf8 42. b4 cxb4 43. axb4 Rb8 44. bxa5 Bc5 45. Ra2 Ba7 46.
Re7 Ra8 47. Rxf7+ Kg8 48. Rb7 Bc5 49. a6 Kh8 50. Rc2 Ba7 51. Rc6 Bd4 52. Rxh6+
Kg8 53. Rc6 Ba7 54. Rcc7 Bd4 55. a7 Bxa7 56. Rxa7 Rb8 57. d4 Rb2+ 58. Kd3 Rb8
59. d5 Rd8 60. Ke4 Re8+ 61. Kd4 Rd8 62. Ke5 Rf8 63. d6 Rd8 64. d7 1-0

[Event "DEM U10/U10w 2003"]
[Site "Willingen GER"]
[Date "2003.06.09"]
[Round "3"]
[White "Lerch, Matthias"]
[Black "Boos, Philipp"]
[Result "1/2-1/2"]
[Termination "normal"]
[Board "8"]
[WhiteElo "1150"]
[BlackElo "1414"]
[PlyCount "60"]
[WhiteFideId "24662151"]
[EventCountry "GER"]
[EventRounds "11"]
[EventType "swiss"]
[EventDate "2003.06.07"]

1. e4 d5 2. exd5 Qxd5 3. Nc3 Qa5 4. d4 Nf6 5. Nf3 Bf5 6. Bc4 c6 7. Bf4 e6 8.
O-O Qd8 9. Qd2 Bd6 10. Rad1 Qc7 11. Bxd6 Qxd6 12. Rfe1 O-O 13. Ne5 Nbd7 14. f4
Nb6 15. Be2 Nfd5 16. Nxd5 Nxd5 17. c3 f6 18. c4 fxe5 19. fxe5 Qe7 20. cxd5 cxd5
21. Rf1 Rac8 22. Rc1 Qe8 23. Bd3 Bxd3 24. Qxd3 Rxc1 25. Rxc1 Qf7 26. Qd2 b6 27.
b3 Qb7 28. h3 Qe7 29. Rc6 Qf7 30. Rc1 Qd7 1/2-1/2

[Event "DEM U10/U10w 2003"]
[Site "Willingen GER"]
[Date "2003.06.09"]
[Round "3"]
[White "Billing, Alexander"]
[Black "Dorn, Carina"]
[Result "1-0"]
[Termination "normal"]
[Board "9"]
[WhiteElo "1333"]
[BlackElo "1124"]
[PlyCount "111"]
[WhiteFideId "24624420"]
[BlackFideId "24666335"]
[EventCountry "GER"]
[EventRounds "11"]
[EventType "swiss"]
[EventDate "2003.06.07"]

1. e4 e6 2. d4 d5 3. e5 c5 4. c3 Nc6 5. Nf3 Qb6 6. a3 cxd4 7. cxd4 Nh6 8. b4
Nf5 9. Bb2 Bd7 10. Be2 Be7 11. O-O O-O 12. Bd3 Nh6 13. Qc2 g6 14. Qd2 Kg7 15.
Bc1 Ng8 16. Bc2 Rac8 17. Nc3 Rc7 18. b5 Na5 19. Rb1 Rcc8 20. Na4 Qc7 21. Bd3 b6
22. Qf4 f6 23. exf6+ Bxf6 24. Qxc7 Rxc7 25. Bf4 Rcc8 26. Rfc1 Ne7 27. Be5 h5
28. Bxf6+ Rxf6 29. Ne5 Be8 30. Rxc8 Nxc8 31. Rc1 Nd6 32. Rc7+ Bf7 33. Rxa7 Kh6
34. Nxf7+ Nxf7 35. Nxb6 Nd8 36. Rxa5 Nb7 37. Ra6 Kg7 38. Ra7 Rf7 39. a4 Kf8 40.
a5 Ke8 41. a6 Nd8 42. Rxf7 Nxf7 43. a7 Ke7 44. a8=Q Kf6 45. Nxd5+ exd5 46. Qxd5
Kg7 47. Qxf7+ Kxf7 48. b6 Ke7 49. b7 g5 50. b8=Q Ke6 51. Qe5+ Kf7 52. d5 Kf8
53. d6 Kf7 54. d7 Kf8 55. Qf6+ Kg8 56. d8=R# 1-0

[Event "DEM U10/U10w 2003"]
[Site "Willingen GER"]
[Date "2003.06.09"]
[Round "3"]
[White "Wang, Zhangxian"]
[Black "Schäfer, Simon"]
[Result "1-0"]
[Termination "normal"]
[Board "10"]
[WhiteElo "1400"]
[BlackElo "1059"]
[PlyCount "109"]
[EventCountry "GER"]
[EventRounds "11"]
[EventType "swiss"]
[EventDate "2003.06.07"]

1. e4 c5 2. Nf3 d6 3. d4 cxd4 4. Nxd4 Nf6 5. Nc3 e6 6. Be3 a6 7. f4 Be7 8. Bd3
Qb6 9. Qc1 Ng4 10. Bg1 Qc7 11. Be2 Nf6 12. Be3 Nc6 13. O-O Bd7 14. Qe1 Rb8 15.
Qg3 O-O 16. f5 Rfe8 17. fxe6 Bxe6 18. Nxe6 fxe6 19. Bh6 g6 20. Bc4 Qd7 21. Rad1
Ne5 22. Qxe5 dxe5 23. Rxd7 Nxd7 24. Bxe6+ Kh8 25. Bxd7 Red8 26. Be6 Bc5+ 27.
Kh1 Rd6 28. Bd5 b5 29. Rf7 b4 30. Bg7+ Kg8 31. Rb7+ Rxd5 32. Rxb8+ Kxg7 33.
Nxd5 Kh6 34. Nxb4 Bxb4 35. Rxb4 Kg5 36. c4 Kf6 37. Rb7 Ke6 38. Rxh7 Kd6 39. Rg7
Kc5 40. Rxg6 Kxc4 41. h4 Kd4 42. Rg4 Kc5 43. h5 Kd4 44. h6 Kc5 45. h7 Kc4 46.
h8=Q Kd4 47. Qd8+ Ke3 48. Rg3+ Kf4 49. Qf6+ Kxe4 50. Rg5 Kd3 51. Qxe5 Kc2 52.
Qc3+ Kb1 53. Rf5 Kxa2 54. Rf1 a5 55. Qa3# 1-0

[Event "DEM U10/U10w 2003"]
[Site "Willingen GER"]
[Date "2003.06.09"]
[Round "3"]
[White "Mertens, Fridolin"]
[Black "Cornish, Alexander Athony"]
[Result "1/2-1/2"]
[Termination "normal"]
[Board "13"]
[WhiteElo "1205"]
[BlackElo "1219"]
[PlyCount "96"]
[WhiteFideId "24671940"]
[EventCountry "GER"]
[EventRounds "11"]
[EventType "swiss"]
[EventDate "2003.06.07"]

1. e4 c6 2. Nc3 d5 3. exd5 cxd5 4. d4 Nc6 5. Bf4 Qb6 6. Nxd5 Qa5+ 7. Nc3 e6 8.
Bd2 Bb4 9. a3 Bd6 10. Nb5 Qd8 11. Nf3 a6 12. Nc3 Nf6 13. Bd3 O-O 14. O-O Qb6
15. Na4 Qc7 16. Qe2 Bd7 17. Bc3 Ne7 18. Nc5 Bc6 19. Ne4 Nxe4 20. Bxe4 f5 21.
Bxc6 Qxc6 22. Qxe6+ Rf7 23. Ng5 Bxh2+ 24. Kxh2 Qxe6 25. Nxe6 Rf6 26. Nc5 Rh6+
27. Kg1 b6 28. Nd7 Rd8 29. Ne5 Rdd6 30. f3 Rh5 31. Kf2 f4 32. Nd3 Rh4 33. Bb4
Rd7 34. Rae1 Nc6 35. Bc3 Nxd4 36. Bxd4 Rxd4 37. Re4 Rxe4 38. fxe4 Kf7 39. Kf3
g5 40. Ne5+ Ke6 41. Ng4 h5 42. Nh6 Ke5 43. Nf5 g4+ 44. Ke2 Rh2 45. Kf2 Kxe4 46.
Kg1 g3 47. Nd6+ Kd5 48. Nf5 Ke4 1/2-1/2

[Event "DEM U10/U10w 2003"]
[Site "Willingen GER"]
[Date "2003.06.09"]
[Round "3"]
[White "Rösch, Daniel"]
[Black "Schäfer, Alexander"]
[Result "0-1"]
[Termination "normal"]
[Board "14"]
[WhiteElo "1093"]
[BlackElo "1646"]
[PlyCount "70"]
[BlackFideId "24615196"]
[EventCountry "GER"]
[EventRounds "11"]
[EventType "swiss"]
[EventDate "2003.06.07"]

1. e4 d6 2. Nf3 g6 3. d4 Bg7 4. Nc3 Nf6 5. Bg5 O-O 6. Bc4 c6 7. O-O b5 8. Bb3
Bb7 9. Re1 a5 10. a3 Qb6 11. Qd2 Nbd7 12. h3 Rad8 13. Qe3 Rfe8 14. Rad1 b4 15.
Ne2 c5 16. dxc5 Nxc5 17. Ng3 Nfxe4 18. Nxe4 Bxe4 19. Nd2 d5 20. Bxe7 Rxe7 21.
Nxe4 Rxe4 22. Qf3 Rxe1+ 23. Rxe1 Nxb3 24. cxb3 Bxb2 25. Re7 Qf6 26. Qxf6 Bxf6
27. Ra7 bxa3 28. Rxa5 Bb2 29. b4 d4 30. Kf1 d3 31. Ke1 Bc3+ 32. Kd1 Bxb4 33.
Ra4 Bc5 34. Ra5 Rb8 35. Rxc5 a2 0-1

[Event "DEM U10/U10w 2003"]
[Site "Willingen GER"]
[Date "2003.06.09"]
[Round "3"]
[White "Jussupow, Alexander"]
[Black "Spangenberg, Pia"]
[Result "1-0"]
[Termination "normal"]
[Board "15"]
[WhiteElo "1605"]
[BlackElo "1089"]
[PlyCount "85"]
[WhiteFideId "24613509"]
[BlackFideId "4627989"]
[EventCountry "GER"]
[EventRounds "11"]
[EventType "swiss"]
[EventDate "2003.06.07"]

1. e4 e5 2. Bc4 Nf6 3. d3 d5 4. exd5 Nxd5 5. Nf3 Nc6 6. O-O Bg4 7. h3 Bh5 8.
Be3 Be7 9. Nc3 Nxc3 10. bxc3 O-O 11. Re1 Bf6 12. Rb1 Na5 13. Bb3 b6 14. c4 Re8
15. c5 Nc6 16. Ba4 Re6 17. Bb3 Re7 18. cxb6 axb6 19. a4 e4 20. dxe4 Qxd1 21.
Rbxd1 Ne5 22. Nxe5 Bxd1 23. Nxf7 Bh5 24. Ng5+ Kh8 25. g4 Bxg5 26. Bxg5 Re5 27.
f4 Rc5 28. gxh5 Rc3 29. Kh2 h6 30. Be7 Rf3 31. f5 Re8 32. Kg2 Rc3 33. f6 Rc6
34. f7 Ra8 35. f8=Q+ Rxf8 36. Bxf8 Rf6 37. Rf1 Rc6 38. Rf7 Rc3 39. Bxg7+ Kh7
40. Bxc3+ Kg8 41. Rxc7+ Kf8 42. Bf6 b5 43. Rc8# 1-0

[Event "DEM U10/U10w 2003"]
[Site "Willingen GER"]
[Date "2003.06.09"]
[Round "3"]
[White "Wittke, René"]
[Black "Braun, Viktoria"]
[Result "0-1"]
[Termination "normal"]
[Board "16"]
[WhiteElo "1438"]
[BlackElo "1088"]
[PlyCount "94"]
[WhiteFideId "24640255"]
[EventCountry "GER"]
[EventRounds "11"]
[EventType "swiss"]
[EventDate "2003.06.07"]

1. e4 e5 2. Nf3 Nc6 3. Bc4 Bc5 4. c3 Nf6 5. d3 d6 6. h3 Be6 7. Bb3 h6 8. Be3
Bb6 9. Nbd2 d5 10. exd5 Nxd5 11. Bxd5 Bxd5 12. Qc2 Qe7 13. O-O Qf6 14. Rfe1 Qg6
15. Bxb6 axb6 16. c4 Be6 17. Nxe5 Nxe5 18. Rxe5 O-O 19. Re3 Rfe8 20. Qc3 Rad8
21. Rg3 Qh7 22. Ne4 Kf8 23. Qb4+ Re7 24. Rc1 Bf5 25. Re3 Rde8 26. Nf6 gxf6 27.
Rxe7 Rxe7 28. Re1 Be6 29. Qc3 Qg6 30. d4 c6 31. Qa3 Qf5 32. Qe3 Qg5 33. Qb3
Bxc4 34. Qb4 c5 35. dxc5 bxc5 36. Qc3 Rxe1+ 37. Qxe1 Bd5 38. g3 Qf5 39. Qd1 Qe4
40. f3 Qxf3 41. Qxf3 Bxf3 42. Kf2 Bd5 43. a3 Kg7 44. h4 Kg6 45. Ke3 Kf5 46. a4
Kg4 47. Kf2 b6 0-1

[Event "DEM U10/U10w 2003"]
[Site "Willingen GER"]
[Date "2003.06.09"]
[Round "3"]
[White "Specht, Christian"]
[Black "Kammrad, Caroline"]
[Result "1/2-1/2"]
[Termination "normal"]
[Board "17"]
[WhiteElo "1327"]
[BlackElo "1086"]
[PlyCount "78"]
[WhiteFideId "24647985"]
[EventCountry "GER"]
[EventRounds "11"]
[EventType "swiss"]
[EventDate "2003.06.07"]

1. e4 e5 2. Nf3 Nc6 3. Bb5 a6 4. Ba4 Nf6 5. O-O b5 6. Bb3 Bc5 7. Re1 d6 8. h3
Be6 9. c3 d5 10. exd5 Nxd5 11. Nxe5 Nxe5 12. Rxe5 O-O 13. d4 Bb6 14. Qh5 Nf6
15. Qd1 Bxb3 16. Qxb3 Re8 17. Rxe8+ Qxe8 18. Be3 Rc8 19. Nd2 Nd7 20. Nf3 c5 21.
dxc5 Nxc5 22. Bxc5 Bxc5 23. Re1 Qd7 24. Qd1 Qa7 25. Qe2 h6 26. Rf1 Kf8 27. Qe5
Re8 28. Qd5 Bb6 29. Nd4 Rd8 30. Qf5 Bxd4 31. cxd4 Qxd4 32. Qh7 Ke7 33. Re1+ Kf6
34. Qc2 Qd2 35. Rc1 Qxc2 36. Rxc2 Rd6 37. Kh2 g6 38. Kg3 h5 39. Kf4 g5+ 1/2-1/2

[Event "DEM U10/U10w 2003"]
[Site "Willingen GER"]
[Date "2003.06.09"]
[Round "3"]
[White "Bräuer, Franz"]
[Black "Lobmeyer, Fabian"]
[Result "0-1"]
[Termination "normal"]
[Board "18"]
[WhiteElo "1085"]
[BlackElo "1316"]
[PlyCount "130"]
[WhiteFideId "24634468"]
[BlackFideId "24659681"]
[EventCountry "GER"]
[EventRounds "11"]
[EventType "swiss"]
[EventDate "2003.06.07"]

1. e4 c5 2. Nf3 Nc6 3. d4 cxd4 4. Nxd4 Nf6 5. Nc3 g6 6. Be3 Bg7 7. Qd2 Ng4 8.
Nb3 Nxe3 9. Qxe3 O-O 10. O-O-O Na5 11. Nd4 d6 12. Nf3 Qc7 13. Rd3 Qc5 14. Qxc5
dxc5 15. Be2 Be6 16. Kb1 a6 17. Ng5 Bc4 18. Rd7 Bxe2 19. Nxe2 e6 20. Rhd1 Bf6
21. Nf3 Rad8 22. Rxd8 Rxd8 23. Rxd8+ Bxd8 24. c3 b5 25. a3 Nc6 26. g3 f5 27.
exf5 exf5 28. Kc2 a5 29. Nf4 Kf7 30. Ne1 g5 31. Nfg2 c4 32. f4 g4 33. Kd2 Bb6
34. Ne3 Ke6 35. N1g2 Bd8 36. Ke2 Ne7 37. Kf1 Nd5 38. Ke2 Nxe3 39. Nxe3 Bb6 40.
Kd2 Bxe3+ 41. Kxe3 Kd5 42. Kd2 Kc5 43. Kc2 Kd5 44. Kd2 Ke4 45. Ke2 h6 46. Kf2
Kd3 47. Kg2 Ke2 48. h3 h5 49. Kg1 Kd2 50. Kg2 Kc2 51. hxg4 hxg4 52. Kf2 Kxb2
53. Ke3 Kxc3 54. Ke2 b4 55. axb4 axb4 56. Kd1 b3 57. Kc1 Kd3 58. Kb2 Kd2 59.
Kb1 c3 60. Ka1 c2 61. Kb2 c1=Q+ 62. Kxb3 Qc5 63. Ka4 Qb6 64. Ka3 Kc3 65. Ka2
Qb2# 0-1

[Event "DEM U10/U10w 2003"]
[Site "Willingen GER"]
[Date "2003.06.09"]
[Round "3"]
[White "Wapenhans, Martin"]
[Black "Baisakow, Christine"]
[Result "1-0"]
[Termination "normal"]
[Board "19"]
[WhiteElo "1288"]
[BlackElo "1060"]
[PlyCount "125"]
[BlackFideId "24680052"]
[EventCountry "GER"]
[EventRounds "11"]
[EventType "swiss"]
[EventDate "2003.06.07"]

1. e4 e6 2. d4 d5 3. exd5 exd5 4. g3 Nf6 5. Bg2 Bd6 6. Nc3 Be6 7. Bg5 Nbd7 8.
Bxd5 Bxd5 9. Nxd5 h6 10. Bxf6 Nxf6 11. Nxf6+ Qxf6 12. Qe2+ Be7 13. c3 O-O 14.
Qf3 Qb6 15. Rb1 Rfe8 16. Ne2 Bd6 17. O-O Re6 18. Rfe1 Rf6 19. Qd3 c5 20. a3 Rd8
21. b4 cxd4 22. Qxd4 Qc6 23. c4 Qf3 24. c5 Bc7 25. Qe3 Qxe3 26. fxe3 b6 27.
Rec1 bxc5 28. Rxc5 Bb6 29. Rc3 Re8 30. Nd4 Rd6 31. Rd1 Red8 32. Rcd3 a6 33. Kf2
Rf6+ 34. Ke2 Rfd6 35. Nc6 Rxd3 36. Rxd3 Rxd3 37. Kxd3 Kf8 38. a4 Ke8 39. e4 Kd7
40. Nb8+ Ke6 41. Nxa6 f5 42. exf5+ Kxf5 43. a5 Bg1 44. h3 g5 45. b5 h5 46. b6
Bh2 47. b7 Bxg3 48. b8=Q Bxb8 49. Nxb8 g4 50. hxg4+ hxg4 51. Ke3 Ke6 52. a6 Kd6
53. a7 Kc7 54. a8=Q g3 55. Qc6+ Kxb8 56. Qd7 Ka8 57. Kf3 Kb8 58. Kxg3 Ka8 59.
Kf4 Kb8 60. Ke5 Ka8 61. Kd6 Kb8 62. Kc6 Ka8 63. Qb7# 1-0

[Event "DEM U10/U10w 2003"]
[Site "Willingen GER"]
[Date "2003.06.09"]
[Round "3"]
[White "Salzmann, Tim"]
[Black "Eimer, Matthias"]
[Result "0-1"]
[Termination "normal"]
[Board "20"]
[WhiteElo "932"]
[BlackElo "1261"]
[PlyCount "130"]
[EventCountry "GER"]
[EventRounds "11"]
[EventType "swiss"]
[EventDate "2003.06.07"]

1. e4 e5 2. Nf3 Nc6 3. Nc3 Bc5 4. Bb5 a6 5. Bxc6 dxc6 6. Nxe5 Qe7 7. Nf3 Bb4 8.
d3 Bg4 9. O-O O-O-O 10. Bd2 Kb8 11. a3 Ba5 12. b4 Bb6 13. Qe2 Bd4 14. Rab1 Qf6
15. e5 Qf5 16. Rb3 h5 17. Re1 Bxf3 18. Qxf3 Qxf3 19. gxf3 Re8 20. f4 Nh6 21.
Ne4 Nf5 22. c3 Bb6 23. c4 Nd4 24. c5 Ba7 25. Rc1 Nxb3 26. Rc3 Nxd2 27. Nxd2 f6
28. d4 b6 29. cxb6 Bxb6 30. Rxc6 Bxd4 31. Rc4 fxe5 32. fxe5 Bxe5 33. Ne4 Bd6
34. a4 Kb7 35. a5 Re5 36. Kg2 Rb5 37. Rd4 Kc6 38. Ng5 Rxb4 39. Rd3 Ra4 40. Rc3+
Kb5 41. f4 Rxf4 42. Ne6 Rg4+ 43. Kh1 Re8 44. Re3 Rg6 45. Nxc7+ Bxc7 46. Rxe8
Kxa5 47. Re7 Bb6 48. Re5+ Ka4 49. Re4+ Ka3 50. Re1 Rg1+ 51. Rxg1 Bxg1 52. Kxg1
Kb2 53. Kf2 a5 54. Kg3 a4 55. Kh4 g6 56. Kg5 a3 57. Kxg6 a2 58. Kxh5 a1=Q 59.
h4 Qa8 60. Kh6 Kc3 61. h5 Kd4 62. Kg7 Ke5 63. h6 Qb7+ 64. Kg8 Kf6 65. h7 Qg7#
0-1

[Event "DEM U10/U10w 2003"]
[Site "Willingen GER"]
[Date "2003.06.09"]
[Round "3"]
[White "Zivkovic, Djordje"]
[Black "Osmanodja, Filiz"]
[Result "1-0"]
[Termination "normal"]
[Board "21"]
[WhiteElo "1259"]
[BlackElo "1051"]
[PlyCount "179"]
[BlackFideId "24633569"]
[EventCountry "GER"]
[EventRounds "11"]
[EventType "swiss"]
[EventDate "2003.06.07"]

1. e4 c5 2. Nf3 d6 3. d4 cxd4 4. Nxd4 Nf6 5. Nc3 g6 6. Be3 Bg7 7. Be2 O-O 8.
O-O Nc6 9. Qd2 Bd7 10. Nb3 a6 11. Bh6 Rc8 12. Bxg7 Kxg7 13. Kh1 Be6 14. f4 Kg8
15. f5 Bd7 16. Bc4 Kh8 17. Rae1 Nb4 18. Bd3 Nxd3 19. cxd3 e6 20. fxe6 fxe6 21.
Rf3 Rf7 22. Ref1 Qf8 23. Qf2 Kg7 24. d4 Be8 25. h3 Nd7 26. Rxf7+ Bxf7 27. Nd2
Qe7 28. Re1 Rf8 29. Qg3 b5 30. d5 e5 31. Rc1 Nc5 32. Nb3 Nxb3 33. axb3 Qf6 34.
Ne2 Be8 35. Rc7+ Kg8 36. Rc1 Qf2 37. Qxf2 Rxf2 38. Re1 b4 39. Kg1 Rf7 40. Ng3
Ra7 41. Rc1 Kf7 42. Kf2 Ke7 43. Nf1 Kd7 44. Nd2 Rc7 45. Rc4 Rxc4 46. bxc4 Kc7
47. b3 Kb6 48. Ke3 a5 49. Kd3 Kc5 50. g4 g5 51. Nf3 h6 52. h4 gxh4 53. Nxh4 Bd7
54. Nf5 a4 55. bxa4 h5 56. gxh5 Bxf5 57. exf5 e4+ 58. Kc2 e3 59. h6 b3+ 60.
Kxb3 e2 61. h7 e1=Q 62. h8=Q Qb4+ 63. Kc2 Qxa4+ 64. Kb1 Qd1+ 65. Kb2 Qe2+ 66.
Ka3 Qf3+ 67. Kb2 Qxf5 68. Qc3 Qf2+ 69. Kb3 Qf1 70. Qb4+ Kd4 71. c5+ Ke5 72. c6
Qd1+ 73. Ka3 Qxd5 74. c7 Qd3+ 75. Kb2 Qe2+ 76. Kb3 Qd1+ 77. Ka3 Qa1+ 78. Kb3
Qd1+ 79. Kc4 Qg4+ 80. Kc3 Qf3+ 81. Kd2 Qg2+ 82. Ke3 Qg1+ 83. Kd3 Qf1+ 84. Kc2
Qe2+ 85. Qd2 Qe4+ 86. Qd3 Qg2+ 87. Qd2 Qe4+ 88. Kd1 Qa4+ 89. Ke1 Qa1+ 90. Kf2
1-0

[Event "DEM U10/U10w 2003"]
[Site "Willingen GER"]
[Date "2003.06.09"]
[Round "3"]
[White "Sohl, Thies"]
[Black "Grimm, Pascal"]
[Result "0-1"]
[Termination "normal"]
[Board "22"]
[WhiteElo "908"]
[BlackElo "1246"]
[PlyCount "140"]
[BlackFideId "24620122"]
[EventCountry "GER"]
[EventRounds "11"]
[EventType "swiss"]
[EventDate "2003.06.07"]

1. e4 e5 2. Nf3 Nc6 3. Bc4 Bc5 4. c3 Nf6 5. d4 exd4 6. cxd4 Bb6 7. e5 Ng8 8. d5
Nce7 9. d6 cxd6 10. exd6 Ng6 11. Qd5 Qf6 12. Bg5 Qe6+ 13. Qxe6+ fxe6 14. O-O h6
15. Be3 Bd8 16. Bd3 Kf7 17. Nc3 a6 18. Bxg6+ Kxg6 19. Ne5+ Kf6 20. Bd4 Rh7 21.
Nc6+ e5 22. Nxe5 Ke6 23. Rac1 Kxd6 24. Rfe1 g5 25. Rcd1 Kc7 26. Na4 Kb8 27. Rc1
Ne7 28. Nc5 Nc6 29. Nxc6+ dxc6 30. Re8 Ba5 31. g3 Bb4 32. Rd1 b6 33. Ne6 Re7
34. Rxe7 Bxe7 35. Bg7 Bxe6 36. Bxh6 Bxa2 37. Rd7 Ra7 38. Rd3 Bd5 39. Re3 Kc8
40. Re5 Bf6 41. Rf5 Bxb2 42. Bxg5 Rf7 43. Rxf7 Bxf7 44. h4 Bh5 45. Kg2 a5 46.
f3 a4 47. g4 Bf7 48. h5 a3 49. h6 a2 50. Bc1 a1=Q 51. Bxb2 Qxb2+ 52. Kg3 Qe5+
53. f4 Qe3+ 54. Kh4 Qxf4 55. h7 Qh6+ 56. Kg3 Qxh7 57. Kf4 Qh6+ 58. g5 Qxg5+ 59.
Kxg5 c5 60. Kf6 c4 61. Kxf7 c3 62. Ke6 c2 63. Kd5 b5 64. Kc5 c1=Q+ 65. Kxb5 Kd7
66. Kb4 Kd6 67. Kb3 Kd5 68. Kb4 Qb2+ 69. Ka5 Kc5 70. Ka6 Qb6# 0-1

[Event "DEM U10/U10w 2003"]
[Site "Willingen GER"]
[Date "2003.06.09"]
[Round "3"]
[White "Giesler, Julius"]
[Black "Stitterich, Nadine"]
[Result "1-0"]
[Termination "normal"]
[Board "23"]
[WhiteElo "1243"]
[BlackElo "890"]
[PlyCount "95"]
[BlackFideId "24676527"]
[EventCountry "GER"]
[EventRounds "11"]
[EventType "swiss"]
[EventDate "2003.06.07"]

1. e4 e5 2. Nf3 Nc6 3. Bc4 Bc5 4. Nc3 Nf6 5. Ng5 O-O 6. d3 d6 7. a3 Qe8 8. b4
Bd4 9. Bd2 a6 10. Nf3 Bg4 11. h3 Bd7 12. Nxd4 Nxd4 13. Bg5 Be6 14. Bxe6 Qxe6
15. Bxf6 Qxf6 16. Nd5 Qd8 17. c3 c6 18. Ne3 Ne6 19. g3 Re8 20. O-O d5 21. f3
Rc8 22. Rc1 Rc7 23. c4 dxe4 24. dxe4 Qxd1 25. Rcxd1 Rd8 26. Rxd8+ Nxd8 27. Rd1
Ne6 28. a4 Rc8 29. Rd7 Rb8 30. Nf5 b5 31. Ne7+ Kf8 32. Nxc6 Rc8 33. axb5 axb5
34. cxb5 Nd4 35. Nxd4 exd4 36. Rxd4 Rc1+ 37. Kf2 Rc2+ 38. Ke3 g5 39. e5 h6 40.
h4 Ke7 41. hxg5 hxg5 42. f4 g4 43. f5 f6 44. e6 Rb2 45. b6 Rb3+ 46. Kf4 Ra3 47.
b7 Rf3+ 48. Kxg4 1-0

[Event "DEM U10/U10w 2003"]
[Site "Willingen GER"]
[Date "2003.06.09"]
[Round "3"]
[White "Gheng, Hannelore"]
[Black "Gheng, Michael Dan"]
[Result "1-0"]
[Termination "normal"]
[Board "34"]
[WhiteElo "1192"]
[BlackElo "1016"]
[PlyCount "35"]
[EventCountry "GER"]
[EventRounds "11"]
[EventType "swiss"]
[EventDate "2003.06.07"]

1. e4 c5 2. Nf3 Nc6 3. d4 cxd4 4. Nxd4 d6 5. Nc3 g6 6. Bb5 Bd7 7. O-O Bg7 8.
Re1 Nf6 9. Nxc6 Bxc6 10. Bxc6+ bxc6 11. Bg5 O-O 12. Qf3 c5 13. Rad1 Qc8 14.
Bxf6 Bxf6 15. Nd5 Qe6 16. Nc7 Bc3 17. Nxe6 Bxe1 18. Nxf8 1-0

[Event "DEM U10/U10w 2003"]
[Site "Willingen GER"]
[Date "2003.06.09"]
[Round "3"]
[White "Oat, Daniela"]
[Black "Wild, Katharina"]
[Result "0-1"]
[Termination "normal"]
[Board "36"]
[WhiteElo "850"]
[BlackElo "1063"]
[PlyCount "53"]
[BlackFideId "24678015"]
[EventCountry "GER"]
[EventRounds "11"]
[EventType "swiss"]
[EventDate "2003.06.07"]

1. e4 c6 2. d4 d5 3. exd5 cxd5 4. Nc3 Bf5 5. Nf3 e6 6. Bf4 Nd7 7. Be2 Ngf6 8.
O-O Be7 9. Nb5 O-O 10. Nh4 Bg6 11. Rc1 a6 12. Nd6 Qb6 13. c4 Bxd6 14. c5 Nxc5
15. dxc5 Bxc5 16. Rc3 Rac8 17. Rh3 Ne4 18. Be3 Qxb2 19. Bh5 Bxe3 20. fxe3 h6
21. Qg4 Bxh5 22. Qxh5 Rc1 23. Rhf3 b5 24. Ng6 Rxf1+ 25. Rxf1 fxg6 26. Rxf8+
Kxf8 27. Qf3+ 0-1

[Event "DEM U10/U10w 2003"]
[Site "Willingen GER"]
[Date "2003.06.09"]
[Round "3"]
[White "Rosenburg, Thies"]
[Black "Spangenberg, Romy"]
[Result "1-0"]
[Termination "normal"]
[Board "37"]
[WhiteElo "1052"]
[BlackElo "833"]
[PlyCount "101"]
[BlackFideId "4627997"]
[EventCountry "GER"]
[EventRounds "11"]
[EventType "swiss"]
[EventDate "2003.06.07"]

1. e4 e5 2. Nf3 Nc6 3. Bc4 Bc5 4. Nc3 Nf6 5. d3 d6 6. h3 h6 7. Be3 Bb6 8. Bb5
Bd7 9. Bxb6 axb6 10. Bxc6 bxc6 11. Qe2 O-O 12. O-O Be6 13. d4 exd4 14. Nxd4 c5
15. Nf3 Re8 16. Qd2 c6 17. a4 d5 18. e5 d4 19. exf6 dxc3 20. Qxc3 Qxf6 21. Qxf6
gxf6 22. b3 Bf5 23. c4 Bd7 24. Rfd1 Bf5 25. Rd2 b5 26. Nh4 Be6 27. Rc2 Bd7 28.
a5 Be6 29. cxb5 cxb5 30. Rxc5 Bxb3 31. Rxb5 Bc4 32. Rh5 Kh7 33. Kh2 Be2 34. f3
Re5 35. Rxe5 fxe5 36. Re1 Bb5 37. Rxe5 Rxa5 38. Nf5 h5 39. Nd4 f6 40. Rxh5+ Kg6
41. Rxb5 Ra4 42. Rd5 Kf7 43. h4 Ra8 44. g4 Rh8 45. h5 Kg7 46. Nf5+ Kf7 47. h6
Kg6 48. f4 Rh7 49. Kh3 Rh8 50. Rd7 Ra8 51. Rg7# 1-0

[Event "DEM U10/U10w 2003"]
[Site "Willingen GER"]
[Date "2003.06.09"]
[Round "3"]
[White "Schätz, Annika"]
[Black "Thiele, Eileen"]
[Result "0-1"]
[Termination "normal"]
[Board "38"]
[WhiteElo "1037"]
[BlackElo "695"]
[PlyCount "80"]
[WhiteFideId "24674796"]
[EventCountry "GER"]
[EventRounds "11"]
[EventType "swiss"]
[EventDate "2003.06.07"]

1. e4 e5 2. Nf3 Nc6 3. Bc4 Bc5 4. b4 Bb6 5. O-O d6 6. c3 Nf6 7. d4 exd4 8. cxd4
Nxe4 9. Re1 d5 10. Bd3 Bf5 11. Nc3 Nxd4 12. Bxe4 dxe4 13. Nxe4 O-O 14. Ng3 Bg4
15. Bb2 Nxf3+ 16. gxf3 Qxd1 17. Raxd1 Bxf3 18. Rd3 Bc6 19. Nf5 Rfe8 20. Ne7+
Kh8 21. Rdd1 Rad8 22. Rxd8 Rxd8 23. Nxc6 bxc6 24. a4 a5 25. bxa5 Bxa5 26. Re2
h6 27. Re3 Rd5 28. Re8+ Kh7 29. Re7 f6 30. Bxf6 Kg6 31. Bxg7 Rg5+ 32. Kf1 Rc5
33. Kg2 Rg5+ 34. Kf3 Rf5+ 35. Kg4 Rg5+ 36. Kf4 Rf5+ 37. Ke4 Rxf2 38. Ke5 Re2+
39. Kf4 Rxe7 40. Bb2 Rf7+ 0-1

[Event "DEM U10/U10w 2003"]
[Site "Willingen GER"]
[Date "2003.06.09"]
[Round "3"]
[White "Bauer, Julia"]
[Black "Khitov, Roman"]
[Result "0-1"]
[Termination "normal"]
[Board "40"]
[WhiteElo "812"]
[BlackElo "948"]
[PlyCount "54"]
[EventCountry "GER"]
[EventRounds "11"]
[EventType "swiss"]
[EventDate "2003.06.07"]

1. e4 d5 2. exd5 Nf6 3. Nc3 Nxd5 4. Nxd5 Qxd5 5. d4 Nc6 6. Be3 Bf5 7. Qd2 O-O-O
8. O-O-O e5 9. dxe5 Qxa2 10. Qxd8+ Nxd8 11. Ne2 Qa1+ 12. Kd2 Bb4+ 13. c3 Qxb2+
14. Ke1 Bxc3+ 15. Bd2 Bxd2+ 16. Rxd2 Qxe5 17. Kd1 Nc6 18. f4 Qa1+ 19. Nc1 Rd8
20. Rd3 Rxd3+ 21. Bxd3 Bxd3 22. Kd2 Nb4 23. Nxd3 Qxh1 24. Nxb4 Qxg2+ 25. Kd3
Qxh2 26. Nd5 h5 27. f5 g5 0-1